[Event "División de Honor Aragonesa 2019"]
[Site "?"]
[Date "2019.01.26"]
[Round "1.26"]
[White "Colom Sienes, Eduardo"]
[Black "Eizaguerri Floris, Maria"]
[Result "0-1"]
[WhiteElo "2047"]
[BlackElo "2071"]
[PlyCount "52"]
[EventDate "2019.??.??"]
[EventType "team-tourn"]
[EventCountry "ESP"]
[WhiteTeam "Palacio de Pioneros B"]
[BlackTeam "Jaque"]

1. a3 d5 2. Nf3 Nf6 3. g3 Bg4 4. Bg2 Nbd7 5. d4 e6 6. O-O Be7 7. Nc3 O-O 8. Ne5
Nxe5 9. dxe5 Nd7 10. h3 Bh5 11. g4 Bg6 12. f4 d4 13. Nb5 Bc5 14. Nxd4 Nxe5 15.
e3 Nc6 16. Bxc6 bxc6 17. f5 Qh4 18. Qf3 Bxd4 19. exd4 exf5 20. gxf5 Bh5 21. Qd3
Rae8 22. Rf4 Re1+ 23. Kg2 Qd8 24. Kf2 Rfe8 25. Be3 Rxa1 26. f6 Bg6 0-1

[Event "División de Honor Aragonesa 2019"]
[Site "?"]
[Date "2019.01.26"]
[Round "1.28"]
[White "Sacristan Latorre, Carlos"]
[Black "Escartin Lacasa, Jose"]
[Result "0-1"]
[WhiteElo "1697"]
[BlackElo "1976"]
[PlyCount "38"]
[EventDate "2019.??.??"]
[EventType "team-tourn"]
[EventCountry "ESP"]
[WhiteTeam "Palacio de Pioneros B"]
[BlackTeam "Jaque"]

1. e4 c5 2. Nf3 e6 3. d4 cxd4 4. Nxd4 Nf6 5. f3 Nc6 6. Nb3 d5 7. exd5 Nxd5 8.
Bd2 Qb6 9. Nc3 Be7 10. Nxd5 exd5 11. Bc3 O-O 12. Qd2 a5 13. Be2 a4 14. Nd4 Bc5
15. Rd1 Re8 16. Nxc6 bxc6 17. Bd4 Ba6 18. Bxc5 Qxc5 19. Qd4 Rxe2+ 0-1

[Event "División de Honor Aragonesa 2019"]
[Site "?"]
[Date "2019.01.26"]
[Round "1.29"]
[White "Gracia Suarez, Jesus"]
[Black "Llanes Luno, Ricardo"]
[Result "0-1"]
[WhiteElo "2080"]
[BlackElo "2201"]
[PlyCount "34"]
[EventDate "2019.??.??"]
[EventType "team-tourn"]
[EventCountry "ESP"]
[WhiteTeam "San Jose"]
[BlackTeam "Delicias"]

1. Nc3 d5 2. e4 dxe4 3. Nxe4 Nf6 4. Nxf6+ exf6 5. d4 Bd6 6. Qe2+ Be7 7. Nf3 O-O
8. g3 b6 9. Qe4 Bb4+ 10. Kd1 c6 11. Bd3 g6 12. c3 Re8 13. Qh4 Qd5 14. Be2 Ba6
15. Be3 Bxe2+ 16. Kxe2 Re4 17. Qxf6 Be7 0-1

[Event "División de Honor Aragonesa 2019"]
[Site "?"]
[Date "2019.01.26"]
[Round "1.30"]
[White "Lamas Mercadal, Manuel"]
[Black "Gutierrez Mingueza, Ruben"]
[Result "1/2-1/2"]
[WhiteElo "2176"]
[BlackElo "2068"]
[PlyCount "71"]
[EventDate "2019.??.??"]
[EventType "team-tourn"]
[EventCountry "ESP"]
[WhiteTeam "Delicias"]
[BlackTeam "San Jose"]

1. e4 c5 2. Nc3 Nc6 3. Bb5 g6 4. Bxc6 dxc6 5. d3 Bg7 6. f4 c4 7. dxc4 Bxc3+ 8.
bxc3 Qxd1+ 9. Kxd1 Be6 10. Be3 Nf6 11. Bd4 Bxc4 12. Nf3 c5 13. Bxf6 exf6 14.
Ke1 O-O-O 15. Kf2 Rhe8 16. Rhe1 Bb5 17. Re3 f5 18. e5 Bc4 19. a3 Re7 20. Ree1
Red7 21. h4 h5 22. Ke3 Bd5 23. Rad1 Bxf3 24. Rxd7 Kxd7 25. Kxf3 Kc6 26. Ke3 Rd7
27. Rb1 b6 28. a4 Re7 29. Rd1 Rd7 30. Rxd7 Kxd7 31. c4 Kc6 32. Kd3 Kb7 33. Kc3
Ka6 34. Kb3 Ka5 35. Ka3 Ka6 36. Kb3 1/2-1/2

[Event "División de Honor Aragonesa 2019"]
[Site "?"]
[Date "2019.01.26"]
[Round "1.31"]
[White "Ferreruela Romero, Jose Joaquin"]
[Black "Roche Simon, Manuel Angel"]
[Result "1-0"]
[WhiteElo "2033"]
[BlackElo "2129"]
[PlyCount "91"]
[EventDate "2019.??.??"]
[EventType "team-tourn"]
[EventCountry "ESP"]
[WhiteTeam "San Jose"]
[BlackTeam "Delicias"]

1. d4 d5 2. c4 e6 3. g3 c5 4. cxd5 Qxd5 5. Nf3 cxd4 6. Qxd4 Nc6 7. Qxd5 exd5 8.
Bd2 Nf6 9. Bg2 Be7 10. O-O O-O 11. Be3 Re8 12. Nc3 Be6 13. Rfd1 a6 14. Nd4 Rac8
15. Nxc6 bxc6 16. Rac1 Ng4 17. Bb6 Ne5 18. Na4 Nd7 19. Be3 f5 20. Nc5 Bxc5 21.
Bxc5 Nxc5 22. Rxc5 Kf7 23. b3 Ke7 24. e3 Kd6 25. Rdc1 Bd7 26. h4 g6 27. Ra5 Ra8
28. Bf1 Bc8 29. Bd3 Bb7 30. Kf1 h5 31. Rc3 Reb8 32. b4 Bc8 33. Rb3 Rb6 34. Ke2
Rab8 35. a3 Ra8 36. Rc3 Bd7 37. Rc1 Bc8 38. Kd2 Rab8 39. Be2 Ra8 40. Kc3 Rab8
41. Kd4 Ra8 42. Rcc5 Bd7 43. Bd3 Bc8 44. f3 Rab8 45. e4 fxe4 46. fxe4 1-0

[Event "División de Honor Aragonesa 2019"]
[Site "?"]
[Date "2019.01.26"]
[Round "1.32"]
[White "Llanes Luno, Pedro Alfredo"]
[Black "Palomar Ramon, Santiago"]
[Result "0-1"]
[WhiteElo "2011"]
[BlackElo "1946"]
[PlyCount "56"]
[EventDate "2019.??.??"]
[EventType "team-tourn"]
[EventCountry "ESP"]
[WhiteTeam "Delicias"]
[BlackTeam "San Jose"]

1. e4 e6 2. d4 d5 3. Nc3 Nc6 4. Nf3 Nf6 5. e5 Ne4 6. a3 Be7 7. Bd3 Nxc3 8. bxc3
b6 9. h4 Bb7 10. Ng5 Qd7 11. Qh5 Bxg5 12. Bxg5 Ne7 13. Rb1 h6 14. Bd2 Nc6 15.
Qg4 O-O-O 16. Qxg7 Qe7 17. Qf6 Qxf6 18. exf6 e5 19. Bf5+ Kb8 20. dxe5 Nxe5 21.
O-O d4 22. Bf4 Rhg8 23. f3 Nxf3+ 24. Kf2 Nxh4 25. g4 Nxf5 26. gxf5 Rg2+ 27. Ke1
dxc3 28. Bxh6 Ba6 0-1

[Event "Campeonato Aragon Preferente 2019"]
[Site "?"]
[Date "2019.01.26"]
[Round "1.33"]
[White "Miranda Herrera, Jorge Manuel"]
[Black "Gil Pineiro, David"]
[Result "0-1"]
[WhiteElo "1950"]
[BlackElo "1911"]
[PlyCount "50"]
[EventDate "2019.??.??"]
[EventType "team-tourn"]
[EventRounds "9"]
[EventCountry "ESP"]
[WhiteTeam "Monsalud-Soluzion"]
[BlackTeam "Teruel B"]

1. e4 c5 2. g3 g6 3. Bg2 Bg7 4. f4 Nc6 5. Nf3 e6 6. d3 Nge7 7. O-O O-O 8. Nc3
d5 9. Ne2 b5 10. Qe1 Nb4 11. Qd2 dxe4 12. Ne5 Bb7 13. Nc3 e3 14. Qe2 Bxg2 15.
Qxg2 Nf5 16. Nxb5 Nd4 17. Nxd4 cxd4 18. Nc4 Qd5 19. Qe2 Rac8 20. b3 Rfd8 21. a4
Qc6 22. Bb2 Nd5 23. Qf3 Nb6 24. Qxc6 Rxc6 25. Rad1 e2 0-1

[Event "Campeonato Aragon Preferente 2019"]
[Site "?"]
[Date "2019.01.26"]
[Round "1.34"]
[White "Pache Marconell, Juan"]
[Black "Miranda Garcia, Eduardo"]
[Result "0-1"]
[WhiteElo "1870"]
[BlackElo "1788"]
[PlyCount "108"]
[EventDate "2019.??.??"]
[EventType "team-tourn"]
[EventRounds "9"]
[EventCountry "ESP"]
[WhiteTeam "Teruel B"]
[BlackTeam "Monsalud-Soluzion"]

1. d4 d6 2. c4 Nf6 3. Nc3 g6 4. e3 Bg7 5. Bd3 O-O 6. Nf3 Nbd7 7. O-O e5 8. Qc2
c6 9. Rb1 Re8 10. b4 Qe7 11. Nd2 d5 12. cxd5 Nxd5 13. Nxd5 cxd5 14. dxe5 Nxe5
15. Rb3 Be6 16. Qc5 d4 17. Bb5 Nc6 18. Nc4 Qxc5 19. bxc5 Bxc4 20. Bxc4 Na5 21.
Bb5 Nxb3 22. Bxe8 Nxc1 23. Bxf7+ Kxf7 24. Rxc1 Rc8 25. Rb1 b6 26. cxb6 axb6 27.
Kf1 Rc2 28. a4 Ra2 29. Rxb6 Rxa4 30. Rb7+ Kg8 31. Rb8+ Bf8 32. Ke2 Ra2+ 33. Kf3
dxe3 34. Kxe3 Kf7 35. Rb7+ Be7 36. h4 h5 37. Kf3 Ke6 38. Rb6+ Bd6 39. Rb5 Ra3+
40. Ke2 Be7 41. Rb6+ Kf5 42. g3 Ra2+ 43. Ke1 Rc2 44. Rb7 Bd6 45. Rb5+ Ke4 46.
Rg5 Bb4+ 47. Kd1 Rxf2 48. Rxg6 Kd3 49. Kc1 Rg2 50. Kb1 Bd2 51. Rg8 Kc4 52. Rc8+
Kb3 53. Rb8+ Bb4 54. Kc1 Rg1# 0-1

[Event "Campeonato Aragon Preferente 2019"]
[Site "?"]
[Date "2019.01.26"]
[Round "1.35"]
[White "Miranda Herrera, Miguel"]
[Black "Andres Escorihuela, Alejandro"]
[Result "1-0"]
[WhiteElo "1748"]
[BlackElo "1669"]
[PlyCount "47"]
[EventDate "2019.??.??"]
[EventType "team-tourn"]
[EventRounds "9"]
[EventCountry "ESP"]
[WhiteTeam "Monsalud-Soluzion"]
[BlackTeam "Teruel B"]

1. e4 c6 2. d4 d5 3. exd5 cxd5 4. c4 Nf6 5. Nc3 Nc6 6. Nf3 g6 7. cxd5 Nxd5 8.
Bc4 e6 9. O-O Bg7 10. Bg5 f6 11. Bxd5 exd5 12. Re1+ Ne7 13. Qa4+ Bd7 14. Qb4
Kf7 15. Rxe7+ Qxe7 16. Ne5+ Ke6 17. Qxb7 Qd6 18. Nxd7 fxg5 19. Re1+ Kf5 20.
Nxd5 Rhe8 21. Ne3+ Rxe3 22. Rxe3 g4 23. Qb5+ Be5 24. Rxe5+ 1-0

[Event "Campeonato Aragon Preferente 2019"]
[Site "?"]
[Date "2019.01.26"]
[Round "1.36"]
[White "Garcia Fuentes, Jorge"]
[Black "Castera Montagud, Rafael"]
[Result "1-0"]
[WhiteElo "1466"]
[BlackElo "1671"]
[PlyCount "147"]
[EventDate "2019.??.??"]
[EventType "team-tourn"]
[EventRounds "9"]
[EventCountry "ESP"]
[WhiteTeam "Teruel B"]
[BlackTeam "Monsalud-Soluzion"]

1. e4 g6 2. Nf3 Bg7 3. Bc4 e6 4. Nc3 a6 5. d4 d6 6. O-O b5 7. Bb3 Bb7 8. Re1
Ne7 9. Bf4 Nd7 10. a3 h6 11. h3 Nb6 12. d5 Bxc3 13. bxc3 e5 14. Be3 g5 15. Bxb6
cxb6 16. c4 Ng6 17. g3 Qd7 18. Kh2 Bc8 19. Ng1 h5 20. f3 g4 21. fxg4 hxg4 22.
h4 Qe7 23. Kg2 Nxh4+ 24. Kf2 Qf6+ 25. Ke2 Nf3 26. Rf1 Nxg1+ 27. Rxg1 Rh2+ 28.
Kd3 Qf2 29. Kc3 bxc4 30. Bxc4 Qc5 31. Kb3 a5 32. a4 Qb4+ 33. Ka2 Qxc4+ 34. Kb2
Bd7 35. Rh1 Qb4+ 36. Kc1 Rh3 37. Rxh3 gxh3 38. Qh5 Qe1+ 39. Kb2 Qxg3 40. Qh8+
Ke7 41. Qxa8 Qg2 42. Qh8 Qxe4 43. Qh6 Qd4+ 44. Kb1 e4 45. Qh4+ f6 46. Qh7+ Kd8
47. Qh8+ Kc7 48. Qa8 h2 49. Qa7+ Kd8 50. Qb8+ Ke7 51. Qh8 Qxd5 52. Qxh2 e3 53.
Ra3 Qd1+ 54. Kb2 Qd4+ 55. Kb1 Be6 56. Qh7+ Bf7 57. Qd3 Qb4+ 58. Kc1 Qe1+ 59.
Kb2 e2 60. Qe3+ Be6 61. Rc3 Kd7 62. Qe4 f5 63. Qb7+ Ke8 64. Qb8+ Kf7 65. Rc7+
Kf6 66. Qh8+ Kg5 67. Rg7+ Kf4 68. Qh6+ Ke5 69. Qh2+ Kd5 70. Qg2+ Ke5 71. Qh2+
Kd5 72. Qg2+ Kd4 73. Qg1+ Kd5 74. Qxe1 1-0

[Event "Campeonato Aragon Preferente 2019"]
[Site "?"]
[Date "2019.01.26"]
[Round "1.37"]
[White "Romon Poves, Raul"]
[Black "Garcia Morales, Roberto"]
[Result "1/2-1/2"]
[WhiteElo "2257"]
[BlackElo "2030"]
[PlyCount "0"]
[EventDate "2019.??.??"]
[EventType "team-tourn"]
[EventRounds "9"]
[EventCountry "ESP"]
[WhiteTeam "Shatranj"]
[BlackTeam "Agrupacion B"]

1. e4 c6 2. c4 d5 3. exd5 cxd5 4. cxd5 Qxd5 5. Nc3 Qa5 6.
d4 Nf6 7. Bd3 Nc6 8. Nge2 e6 9. O-O Be7 10. a3 a6 11. b4 Qh5 12. Qb3 Bd6 13. h3
O-O 14. Bd2 b5 15. Rae1 Bb7 16. Qb1 Rac8 17. Ne4 Nxe4 18. Bxe4 Ba8 19. f4 Ne7
20. Nc3 Nd5 21. Ne2 Ne7 22. Nc3 1/2-1/2

[Event "Campeonato Aragon Preferente 2019"]
[Site "?"]
[Date "2019.01.26"]
[Round "1.38"]
[White "Carruez Berges, Santiago"]
[Black "Franco Ibanez, Carlos"]
[Result "1-0"]
[WhiteElo "2024"]
[BlackElo "1978"]
[PlyCount "0"]
[EventDate "2019.??.??"]
[EventType "team-tourn"]
[EventRounds "9"]
[EventCountry "ESP"]
[WhiteTeam "Agrupacion B"]
[BlackTeam "Shatranj"]

1. e4 e6 2. d4 d5 3. Nc3 Nf6 4. e5 Nfd7 5. f4 c5 6. Nf3
Nc6 7. Be3 a6 8. Qd2 b5 9. Be2 b4 10. Nd1 a5 11. dxc5 Nxc5 12. Nf2 Be7 13. Nd4
Nxd4 14. Bxd4 O-O 15. O-O Ba6 16. Rae1 Qc7 17. Qe3 Bxe2 18. Rxe2 Rac8 19. Kh1
Qc6 20. c3 Na4 21. cxb4 axb4 22. Nd3 Qa6 23. f5 exf5 24. Rxf5 Nc5 25. Bxc5 Bxc5
26. Qf3 Be7 27. h3 b3 28. axb3 1-0

[Event "Campeonato Aragon Preferente 2019"]
[Site "?"]
[Date "2019.01.26"]
[Round "1.39"]
[White "Palacian Campodarve, Jesus"]
[Black "Carruez Berges, Fernando"]
[Result "0-1"]
[WhiteElo "1855"]
[BlackElo "1993"]
[PlyCount "0"]
[EventDate "2019.??.??"]
[EventType "team-tourn"]
[EventRounds "9"]
[EventCountry "ESP"]
[WhiteTeam "Shatranj"]
[BlackTeam "Agrupacion B"]

1. d4 Nf6 2. c4 g6 3. g3 Bg7 4. Bg2 d6 5. Nc3 O-O 6. e4
Nc6 7. Nge2 a6 8. a4 a5 9. O-O Nd7 10. Be3 e5 11. d5 Ne7 12. h4 f5 13. Nc1 f4
14. gxf4 exf4 15. Bd4 Bxd4 16. Qxd4 Ne5 17. Qd1 f3 18. Bh1 Qd7 19. Nd3 Qg4+ 20.
Kh2 Qxh4+ 0-1

[Event "Campeonato Aragon Preferente 2019"]
[Site "?"]
[Date "2019.01.26"]
[Round "1.40"]
[White "Mejia Palomino, Rodrigo Alberto"]
[Black "Munoz Bornao, Miguel Angel"]
[Result "1-0"]
[WhiteElo "1745"]
[BlackElo "1684"]
[PlyCount "0"]
[EventDate "2019.??.??"]
[EventType "team-tourn"]
[EventRounds "9"]
[EventCountry "ESP"]
[WhiteTeam "Agrupacion B"]
[BlackTeam "Shatranj"]

1. e4 c5 2. Nf3 e6 3. g3 Nc6 4. Bg2 Qc7 5. d3 Nf6 6. O-O
Be7 7. Na3 a6 8. Nc4 b5 9. Bf4 d6 10. e5 bxc4 11. exf6 Bxf6 12. dxc4 Be7 13.
Ng5 h6 14. Ne4 e5 15. Be3 O-O 16. Nc3 Be6 17. Nd5 Bxd5 18. Bxd5 Kh8 19. Qg4 Kh7
20. Qh5 0-1

[Event "Campeonato Aragon Preferente 2019"]
[Site "?"]
[Date "2019.01.26"]
[Round "1.41"]
[White "Planas Torrea, Francisco Javier"]
[Black "Hinojar Basa, Alfonso"]
[Result "0-1"]
[WhiteElo "2060"]
[BlackElo "2192"]
[PlyCount "72"]
[EventDate "2019.??.??"]
[EventType "team-tourn"]
[EventRounds "9"]
[EventCountry "ESP"]
[WhiteTeam "Ejea"]
[BlackTeam "Marcos Frechin A"]

1. e4 e6 2. d4 d5 3. exd5 exd5 4. Bd3 Nc6 5. c3 Bd6 6. Qf3 Nce7 7. Ne2 Nf6 8.
h3 O-O 9. Bg5 Ne4 10. Bxe4 dxe4 11. Qxe4 Re8 12. Qf3 h6 13. Bh4 g5 14. Bg3 Bxg3
15. fxg3 Nf5 16. O-O Re3 17. Qf2 Qe7 18. Nc1 Nxg3 19. Rd1 g4 20. Na3 gxh3 21.
gxh3 Nh5 22. Rd3 Re1+ 23. Kg2 Qg5+ 24. Kh2 Rxc1 25. Rxc1 Qxc1 26. Re3 Be6 27.
Qe2 Ng7 28. Qf2 Kh7 29. Rg3 Nh5 30. Re3 Rg8 31. c4 c6 32. Nc2 Qxb2 33. d5 cxd5
34. cxd5 Bxd5 35. Qf5+ Rg6 36. Re2 Qf6 0-1

[Event "Campeonato Aragon Preferente 2019"]
[Site "?"]
[Date "2019.01.26"]
[Round "1.42"]
[White "Ruiperez Gumiel, Ramon"]
[Black "Marcellan Peire, Jesus Eduardo"]
[Result "1-0"]
[WhiteElo "1873"]
[BlackElo "1904"]
[PlyCount "69"]
[EventDate "2019.??.??"]
[EventType "team-tourn"]
[EventRounds "9"]
[EventCountry "ESP"]
[WhiteTeam "Marcos Frechin A"]
[BlackTeam "Ejea"]

1. b3 e5 2. Bb2 Nc6 3. c4 d6 4. e3 Nf6 5. d3 Bg4 6. Be2 Qd7 7. Nc3 Bxe2 8.
Ngxe2 Be7 9. a3 Nd8 10. Ng3 c6 11. d4 exd4 12. exd4 d5 13. O-O O-O 14. c5 Ne6
15. Bc1 g6 16. f4 Ne4 17. Ngxe4 dxe4 18. Nxe4 f5 19. Nf2 Qxd4 20. Qe2 Qf6 21.
Bb2 Nxf4 22. Qc4+ Qf7 23. Qxf4 Qxb3 24. Rab1 g5 25. Qc7 Rf7 26. Qe5 Bf6 27.
Qxf5 Bxb2 28. Qxg5+ Rg7 29. Qd2 Qxa3 30. Qxb2 Qxc5 31. Kh1 a5 32. Ne4 Qe7 33.
Nf6+ Kh8 34. Nh5 Rf8 35. Nxg7 1-0

[Event "Campeonato Aragon Preferente 2019"]
[Site "?"]
[Date "2019.01.26"]
[Round "1.43"]
[White "Asin Jimenez, Pedro Jose"]
[Black "Torres Ferrandez, Mario"]
[Result "1/2-1/2"]
[WhiteElo "1735"]
[BlackElo "1872"]
[PlyCount "43"]
[EventDate "2019.??.??"]
[EventType "team-tourn"]
[EventRounds "9"]
[EventCountry "ESP"]
[WhiteTeam "Ejea"]
[BlackTeam "Marcos Frechin A"]

1. e4 d5 2. exd5 Qxd5 3. Nc3 Qd6 4. d4 Nf6 5. Nf3 a6 6. h3 b5 7. Bd3 Bb7 8. O-O
e6 9. Re1 Be7 10. Ne4 Qb6 11. Nxf6+ Bxf6 12. Be4 O-O 13. Qd3 g6 14. Bxb7 Qxb7
15. Qe4 Qxe4 16. Rxe4 Nd7 17. Bf4 Rac8 18. Ne5 Bxe5 19. Bxe5 Rfd8 20. c3 f5 21.
Re2 Nxe5 22. dxe5 1/2-1/2

[Event "Campeonato Aragon Preferente 2019"]
[Site "?"]
[Date "2019.01.26"]
[Round "1.45"]
[White "Antonano Fedz-Quincoces, Avelino"]
[Black "Hernandez Delgado, Gabriel"]
[Result "1-0"]
[WhiteElo "2164"]
[BlackElo "1894"]
[PlyCount "63"]
[EventDate "2019.??.??"]
[EventType "team-tourn"]
[EventRounds "9"]
[EventCountry "ESP"]
[WhiteTeam "St. Casablanca C"]
[BlackTeam "El Olivar C"]

1. e4 d5 2. exd5 Nf6 3. c4 e6 4. Nc3 exd5 5. cxd5 Nxd5 6. Bc4 Nb6 7. Bb3 Nc6 8.
Nge2 Bc5 9. O-O O-O 10. Ne4 Bd4 11. N2c3 Ne5 12. Kh1 Bg4 13. f3 Bh5 14. Ng3 Qh4
15. Nxh5 Qxh5 16. Ne2 Nc6 17. d3 Rad8 18. Ng3 Qb5 19. a4 Qc5 20. Ne4 Qf5 21.
Bg5 Rd7 22. g4 Qa5 23. Bd2 Nb4 24. Rc1 c5 25. Qe1 N6d5 26. Rc4 Qb6 27. a5 Qb5
28. Qd1 Qxa5 29. Rxd4 cxd4 30. Bxd5 Rxd5 31. Qe1 Rb5 32. Nd6 {tiempo} 1-0

[Event "Campeonato Aragon Preferente 2019"]
[Site "?"]
[Date "2019.01.26"]
[Round "1.46"]
[White "Sarto Ramos, Angel"]
[Black "Garcia Andres, Daniel"]
[Result "0-1"]
[WhiteElo "1891"]
[BlackElo "1992"]
[PlyCount "92"]
[EventDate "2019.??.??"]
[EventType "team-tourn"]
[EventRounds "9"]
[EventCountry "ESP"]
[WhiteTeam "El Olivar C"]
[BlackTeam "St. Casablanca C"]

1. Nf3 d6 2. d4 g6 3. Nc3 Bg7 4. Bf4 Nc6 5. Qd2 Bg4 6. e3 e5 7. Bg5 f6 8. Bh4
g5 9. Bg3 f5 10. dxe5 Bxf3 11. gxf3 dxe5 12. h3 Qxd2+ 13. Kxd2 O-O-O+ 14. Bd3
Nge7 15. Rag1 Rhf8 16. Kc1 f4 17. Bh2 fxe3 18. fxe3 Rxf3 19. Rxg5 Bh6 20. Rg3
Rxg3 21. Bxg3 Bxe3+ 22. Kb1 Rg8 23. Bh4 Ng6 24. Bf6 Rf8 25. Nd5 Bc5 26. Bg5 Nd4
27. Bh6 Rd8 28. Nf6 Nf4 29. Bxh7 Be7 30. Ng4 Rh8 31. Be4 Nde2 32. Bg7 Rg8 33.
Bxe5 Ng3 34. Bxf4 Nxh1 35. Bxh1 Rf8 36. Bc1 Rf1 37. Bg2 Rg1 38. Bf3 Bg5 39. a3
Rxc1+ 40. Ka2 Rxc2 41. Ne5 c6 42. Kb3 Rf2 43. Bg4+ Kc7 44. Nd3 Rh2 45. Kc4 Bf6
46. b4 Rc2+ 0-1

[Event "Campeonato Aragon Preferente 2019"]
[Site "?"]
[Date "2019.01.26"]
[Round "1.47"]
[White "Rodes Apilluelo, Jose Maria"]
[Black "Labrador Postigo, Francisco M"]
[Result "0-1"]
[WhiteElo "1909"]
[BlackElo "1876"]
[PlyCount "56"]
[EventDate "2019.??.??"]
[EventType "team-tourn"]
[EventRounds "9"]
[EventCountry "ESP"]
[WhiteTeam "St. Casablanca C"]
[BlackTeam "El Olivar C"]

1. Nf3 d5 2. g3 Bg4 3. Bg2 Nd7 4. d4 c6 5. Ne5 Bh5 6. g4 Bg6 7. h4 Nxe5 8. dxe5
h5 9. g5 e6 10. Nd2 Qb6 11. Nb3 Ne7 12. Be3 Qc7 13. Bf4 Nf5 14. Qd2 Qb6 15. e3
a5 16. O-O-O a4 17. Nd4 a3 18. b3 Be7 19. Nxf5 Bxf5 20. e4 dxe4 21. Qd7+ Kf8
22. Be3 Qb4 23. Qd4 Qa5 24. Qb6 Qxe5 25. Bd4 Qb5 26. Qc7 Qb4 27. c3 Qa5 28. Bb6
Qxc3+ 0-1

[Event "Campeonato Aragon Preferente 2019"]
[Site "?"]
[Date "2019.01.26"]
[Round "1.48"]
[White "De La Riva Fernandez, Eduardo"]
[Black "Torres Montes, Juan"]
[Result "1-0"]
[WhiteElo "1794"]
[BlackElo "1672"]
[PlyCount "77"]
[EventDate "2019.??.??"]
[EventType "team-tourn"]
[EventRounds "9"]
[EventCountry "ESP"]
[WhiteTeam "El Olivar C"]
[BlackTeam "St. Casablanca C"]

1. e4 c5 2. Nf3 e6 3. d4 cxd4 4. Nxd4 a6 5. c4 Nf6 6. Nc3 Bb4 7. f3 Bxc3+ 8.
bxc3 Nc6 9. Be3 O-O 10. Be2 Qc7 11. O-O d5 12. exd5 exd5 13. Nxc6 Qxc6 14. c5
Be6 15. Qd4 Rac8 16. Bd3 Nd7 17. Qh4 f5 18. Bd4 Rc7 19. Rfe1 Nxc5 20. Bc2 b6
21. Re3 Bc8 22. Rae1 Qh6 23. Qxh6 gxh6 24. Re5 Rcf7 25. Bxc5 bxc5 26. Rxd5 Rc7
27. Ree5 c4 28. Bxf5 Bxf5 29. Rxf5 Rxf5 30. Rxf5 Kg7 31. Ra5 Rc6 32. Kf2 Kf6
33. f4 Kg6 34. g4 Kf6 35. h4 Rd6 36. Ra3 Rd2+ 37. Ke3 Rd3+ 38. Ke4 Rd6 39. Ra4
1-0

[Event "Campeonato Aragon Preferente 2019"]
[Site "?"]
[Date "2019.01.26"]
[Round "1.50"]
[White "Villalba Embid, Marcos"]
[Black "Fernandez Rubio, Rafael"]
[Result "1/2-1/2"]
[WhiteElo "2020"]
[BlackElo "2054"]
[PlyCount "74"]
[EventDate "2019.??.??"]
[EventType "team-tourn"]
[EventRounds "9"]
[EventCountry "ESP"]
[WhiteTeam "Ibercaja B"]
[BlackTeam "Tauste"]

1. e4 d5 2. exd5 Qxd5 3. Nc3 Qa5 4. Bc4 Nf6 5. d3 Bg4 6. f3 Bf5 7. Bd2 c6 8.
Qe2 Qc7 9. g4 Bc8 10. Nh3 e6 11. g5 Ng8 12. Ne4 Ne7 13. Ng3 Nd7 14. Bc3 b5 15.
Bb3 Bb7 16. Rf1 c5 17. Nh5 Rg8 18. f4 O-O-O 19. O-O-O b4 20. Be5 Qa5 21. Ng3
Nc6 22. d4 Ba6 23. Qe4 Ncxe5 24. fxe5 c4 25. Qc6+ Kb8 26. Bxc4 Bxc4 27. Qxc4
Nb6 28. Qb3 Rd7 29. Nf4 Be7 30. h4 Rgd8 31. Nge2 Qb5 32. Qd3 Qc6 33. b3 Bc5 34.
Qe3 Bf8 35. Kb1 a5 36. Rc1 a4 37. h5 Ra7 1/2-1/2

[Event "Campeonato Aragon Preferente 2019"]
[Site "?"]
[Date "2019.01.26"]
[Round "1.51"]
[White "Muro Turon, Raul"]
[Black "Jimenez Fernandez, Alejandro"]
[Result "0-1"]
[WhiteElo "1830"]
[BlackElo "1985"]
[PlyCount "76"]
[EventDate "2019.??.??"]
[EventType "team-tourn"]
[EventRounds "9"]
[EventCountry "ESP"]
[WhiteTeam "Tauste"]
[BlackTeam "Ibercaja B"]

1. e4 c6 2. d4 d5 3. f3 Nf6 4. Nc3 e6 5. Be3 Bb4 6. Bd3 dxe4 7. fxe4 Nxe4 8.
Qg4 Nxc3 9. Qxg7 Rf8 10. Bd2 Nd5 11. c3 Bd6 12. O-O-O Qf6 13. Qxh7 Rh8 14. Qe4
Rh4 15. Qe1 Bf4 16. Nf3 Bxd2+ 17. Nxd2 Qh6 18. Qg3 Nd7 19. Kb1 N7f6 20. Nc4 Qf4
21. Qe1 Rh8 22. Ne5 Qe3 23. Qf1 Rf8 24. g3 Bd7 25. Nc4 Qg5 26. Nd6+ Ke7 27. Nc4
Ne3 28. Nxe3 Qxe3 29. Qg2 Rae8 30. g4 Kd8 31. h4 Nd5 32. Bc2 f5 33. Rhe1 Qh6
34. gxf5 exf5 35. Rxe8+ Rxe8 36. Qf2 Ne3 37. Rg1 Nxc2 38. Kxc2 Qe3 0-1

[Event "Campeonato Aragon Preferente 2019"]
[Site "?"]
[Date "2019.01.26"]
[Round "1.52"]
[White "Garcia Monterde, Francisco Jose"]
[Black "Carbonel Sanchez, Andres"]
[Result "0-1"]
[WhiteElo "1872"]
[BlackElo "1796"]
[PlyCount "46"]
[EventDate "2019.??.??"]
[EventType "team-tourn"]
[EventRounds "9"]
[EventCountry "ESP"]
[WhiteTeam "Ibercaja B"]
[BlackTeam "Tauste"]

1. c4 Nf6 2. g3 e6 3. Bg2 d5 4. d4 Be7 5. Nf3 O-O 6. O-O c6 7. Nc3 Nbd7 8. b3
b6 9. Bb2 Ba6 10. Nd2 Rc8 11. Re1 c5 12. dxc5 dxc4 13. cxb6 Nxb6 14. e4 Qc7 15.
Qe2 Nfd7 16. Rac1 Ne5 17. Nxc4 Nbxc4 18. bxc4 Bxc4 19. Nb5 Qb6 20. Rxc4 Nxc4
21. a4 Nxb2 22. Qxb2 a6 23. Qd4 Bc5 0-1

[Event "Campeonato Aragon Preferente 2019"]
[Site "?"]
[Date "2019.01.26"]
[Round "1.53"]
[White "Buisan Zaharia, Pedro"]
[Black "Aribau Rivas, Miguel Angel"]
[Result "1/2-1/2"]
[WhiteElo "1918"]
[BlackElo "2043"]
[PlyCount "0"]
[EventDate "2019.??.??"]
[EventType "team-tourn"]
[EventRounds "9"]
[EventCountry "ESP"]
[WhiteTeam "Jaque B"]
[BlackTeam "Fraga"]

 1. d4 d5 2. Nf3 Nf6 3. e3 c5 4. b3 Nc6 5. Bd3 Bg4 6. Bb2 e6 7. O-O Be7 8. Nbd2
O-O 9. c3 Rc8 10. Rc1 Re8 11. dxc5 e5 12. Be2 Bxc5 13. b4 Bd6 14. b5 Na5 15.
Qa4 Qb6 16. c4 dxc4 17. Nxc4 Nxc4 18. Bxc4 Bh5 19. Qb3 Ne4 20. Bxe5 Nc5 21. Qb2
Bxf3 22. Bxd6 Qxd6 23. gxf3 Qe7 24. Rfd1 Red8 25. Be2 b6 26. Qb4 1/2-1/2

[Event "Campeonato Aragon Preferente 2019"]
[Site "?"]
[Date "2019.01.26"]
[Round "1.54"]
[White "Alsina Franco, Sergio"]
[Black "Buisac Anadon, Pablo"]
[Result "0-1"]
[WhiteElo "1822"]
[BlackElo "1864"]
[PlyCount "0"]
[EventDate "2019.??.??"]
[EventType "team-tourn"]
[EventRounds "9"]
[EventCountry "ESP"]
[WhiteTeam "Fraga"]
[BlackTeam "Jaque B"]


1. e4 c5 2. c3 g6 3. Nf3 Bg7 4. d4 cxd4 5. Nxd4 Nc6 6. Nxc6 bxc6 7. Bc4 e6 8.
O-O d5 9. exd5 cxd5 10. Bb3 Ne7 11. Be3 O-O 12. Bd4 Bb7 13. Bxg7 Kxg7 14. Nd2
Nf5 15. Nf3 Qf6 16. Re1 h5 17. Ne5 Rad8 18. Qf3 Ba8 19. Qh3 d4 20. cxd4 Rxd4
21. Qc3 Qg5 22. Nf3 Bxf3 23. Qxf3 Nh4 24. Qg3 Rg4 25. Qc3+ Qf6 26. Qxf6+ Kxf6
27. g3 Nf3+ 28. Kf1 Nxe1 29. f4 Nd3 30. Bd1 g5 31. Bxg4 hxg4 32. fxg5+ Kxg5 33.
Ke2 Ne5 34. Rc1 Rh8 0-1